Ženy v Íránu
Postavenie ženy v islamskom svete. Postavenie ženy v Iráne. Ideologický a politický útlak žien v Iráne. Boj iránskych žien za ich práva. Kampaň Jeden milión podpisov a Zelené hnutie.
Saved in:
| Main Author: | |
|---|---|
| Format: | Book Chapter |
| Language: | Czech |
| Subjects: | |
| Tags: |
No Tags, Be the first to tag this record!
|
MARC
| LEADER | 00000naa$a2200000$$$4500 | ||
|---|---|---|---|
| 001 | 0112610 | ||
| 005 | 20231016094214.3 | ||
| 041 | 0 | |a cze | |
| 044 | |a CZ | ||
| 245 | 1 | 0 | |a Ženy v Íránu |c Jana Hybášková |
| 520 | |a Postavenie ženy v islamskom svete. Postavenie ženy v Iráne. Ideologický a politický útlak žien v Iráne. Boj iránskych žien za ich práva. Kampaň Jeden milión podpisov a Zelené hnutie. | ||
| 610 | 2 | 0 | |a ženy |
| 610 | 2 | 0 | |a spoločnosť |
| 610 | 2 | 0 | |a nerovnosť rodová |
| 610 | 2 | 0 | |a vzťahy genderové |
| 610 | 2 | 0 | |a ideológia |
| 610 | 2 | 0 | |a islam |
| 610 | 2 | 0 | |a postavenie spoločenské |
| 610 | 2 | 0 | |a Irán |
| 100 | 1 | |a Hybášková, Jana | |